000 00521nam a2200181Ia 4500
001 23092
005 20260414150914.0
008 260414t2011||||xx |||||||||||||| ||spa||
041 _aESP
082 _a624.1834
_bM32
100 _aMayagoitia, Fernando
_eAUT
245 0 _aConstrucción de vivienda con sistemas industrializados de muros en concreto :
_bsistema túnel - sistema manoportable
260 _c2011
300 _avii, 109 páginas :
_c28 cm.
650 _a0
654 _aCIC
942 _cLIB
_dJUS
_fJUS
_2ddc
_n
999 _c23092
_d23092